[Event "14th Sants Open A"]
[Site "Barcelona ESP"]
[Date "2012.08.25"]
[Round "9.12"]
[White "Debray,C"]
[Black "Aroshidze,L"]
[Result "0-1"]
[WhiteElo "2383"]
[BlackElo "2568"]

1.e4 c5 2.Nf3 e6 3.d4 cxd4 4.Nxd4 a6 5.Nc3 Qc7 6.f4 d6 7.Be3 b5 8.Qf3 Bb7
9.Bd3 Nd7 10.O-O Ngf6 11.Rae1 b4 12.Nce2 Nc5 13.Ng3 h5 14.Bf2 h4 15.Nh1 Be7
16.Nb3 Na4 17.Rb1 h3 18.g4 d5 19.Ng3 Rh4 20.Bd4 dxe4 21.Nxe4 Rxg4+ 22.Kh1 Nxe4
23.Bxe4 Bxe4 24.Qxe4 Rc8 25.c3 Qc6 26.Qxc6+ Rxc6 27.Rf3 f6 28.a3 bxa3 29.bxa3 Rc7
30.Re1 Kf7 31.Rfe3 Rxf4 32.Rxe6 Rf1+ 33.Rxf1 Kxe6 34.Rf3 Bxa3 35.Rxh3 Bb2
36.Re3+ Kd5 37.Re2 Bxc3 38.Ra2 Kc4 39.Nd2+ Bxd2 40.Rxa4+ Kb5 41.Ra2 Bb4 42.Ra1  0-1

[Event "32nd Bratto Masters"]
[Site "Bratto ITA"]
[Date "2012.08.25"]
[Round "8.3"]
[White "Satyapragyan,S"]
[Black "Mamedov,Nid"]
[Result "1-0"]
[WhiteElo "2435"]
[BlackElo "2614"]

1.e4 c5 2.Nf3 e6 3.d4 cxd4 4.Nxd4 a6 5.Nc3 Qc7 6.Bd3 Ne7 7.O-O Nec6 8.Nb3 d6
9.f4 Nd7 10.Qf3 Be7 11.Bd2 O-O 12.Rae1 Re8 13.Kh1 Bf8 14.Qh3 Nb4 15.Re3 Nxd3
16.cxd3 b5 17.Rg3 b4 18.Nd1 d5 19.Ne3 dxe4 20.Ng4 Kh8 21.f5 exf5 22.Rxf5 Qd6
23.Rh5 Qg6 24.Ne3 Nf6 25.Rxg6 fxg6 26.Rxh7+ Nxh7 27.Qg3 exd3 28.Qxg6 Bb7
29.Qxd3 Nf6 30.h3 Rad8 31.Qc2 Re5 32.Qc7 Rxe3 33.Qxd8  1-0

[Event "32nd Bratto Masters"]
[Site "Bratto ITA"]
[Date "2012.08.25"]
[Round "8.12"]
[White "Bellia,F"]
[Black "Rambaldi,Francesco"]
[Result "1/2-1/2"]
[WhiteElo "2451"]
[BlackElo "2272"]

1.e4 c5 2.Nf3 e6 3.d4 cxd4 4.Nxd4 a6 5.Nc3 Qc7 6.Be2 Nf6 7.O-O Nc6 8.Be3 Be7
9.f4 d6 10.a4 O-O 11.Kh1 Re8 12.Qd2 Rb8 13.Rad1 Bf8 14.Qe1 e5  1/2-1/2

[Event "19th Graz Open 2012"]
[Site "Graz AUT"]
[Date "2012.08.25"]
[Round "1.13"]
[White "Legenstein,R"]
[Black "Maurer,Joc"]
[Result "1/2-1/2"]
[WhiteElo "2048"]
[BlackElo "2286"]

1.e4 c5 2.Nf3 e6 3.d4 cxd4 4.Nxd4 a6 5.Nc3 Qc7 6.Bd3 Nc6 7.Be3 Nf6 8.O-O Nxd4
9.Bxd4 Bc5 10.Bxc5 Qxc5 11.Kh1 d6 12.Qe1 e5 13.a4 Be6 14.b4 Qxb4 15.Rb1 Qc5
16.Rxb7 O-O 17.Ne2 d5 18.Ng3 Qc6 19.Qb4 a5 20.Qb5 Rfc8 21.Qxc6 Rxc6 22.Rfb1 Rcc8
23.f3 h6 24.Kg1 dxe4 25.Nxe4 Nd5 26.Nd6 Rd8 27.Nb5 Rac8 28.Na7 Ra8 29.Nc6 Re8
30.c4 Nf4 31.Bf1 Ng6 32.Re1 Bc8 33.Rc7 Bf5 34.Rd1 Rac8 35.Rxc8 Rxc8 36.Nxa5 Bc2
37.Rc1 Bxa4 38.Nb7 Rc7 39.Nd6  1/2-1/2

[Event "12th World Uni Women"]
[Site "Guimaraes POR"]
[Date "2012.08.25"]
[Round "9.6"]
[White "Salazar Loor,S"]
[Black "Pereira,Am"]
[Result "1-0"]
[WhiteElo "1887"]
[BlackElo "2007"]

1.e4 c5 2.Nf3 e6 3.d4 cxd4 4.Nxd4 a6 5.Nc3 Qc7 6.Bd3 Nc6 7.Nb3 Nf6 8.O-O b5
9.a3 d6 10.Be3 Be7 11.f4 O-O 12.Qf3 Bb7 13.g4 Rac8 14.g5 Nd7 15.Qh3 b4 16.Ne2 Nc5
17.Nxc5 dxc5 18.e5 g6 19.Ng3 c4 20.Be4 Nb8 21.Qh6 Bc5 22.Rf3 f5 23.gxf6 Rf7
24.axb4 Bxb4 25.Kf2 Rd8 26.Rg1 Bc5 27.Bxg6 Bxe3+ 28.Rxe3 hxg6 29.Nf5 Rd2+
30.Ke1 Rg2 31.Rxg2 Bxg2 32.Qxg6+ Kf8 33.Nd6 Qa5+ 34.Rc3 Qa1+ 35.Kd2  1-0

[Event "12th ch-Euro Seniors"]
[Site "Kaunas LTU"]
[Date "2012.08.25"]
[Round "8.11"]
[White "Wahlbom,M"]
[Black "Nevednichy,B"]
[Result "1/2-1/2"]
[WhiteElo "2289"]
[BlackElo "2228"]

1.e4 c5 2.Nf3 e6 3.d4 cxd4 4.Nxd4 a6 5.Nc3 b5 6.Bd3 Qb6 7.Nb3 Qc7 8.O-O Bb7
9.Qe2 Nc6 10.f4 Nf6 11.e5 b4 12.Ne4 Nxe4 13.Bxe4 Be7 14.Be3 f5 15.Bf3 O-O
16.Rad1 Nb8 17.Bxb7 Qxb7 18.Bc5 Bxc5+ 19.Nxc5 Qc6 20.Nb3 Rc8 21.Rf2 a5 22.g4 fxg4
23.Qxg4 Qe4 24.Rg2 g6 25.Re2 Qf5 26.Qh4 Rf8 27.Rf2 Ra7 28.Nd4 Qe4 29.Nb5 Ra6
30.Nd6 Qe3 31.Kg2 Rxd6 32.Rxd6 Qe4+ 33.Kh3 Rf5 34.Qd8+ Kg7 35.Qxb8 Rh5+ 36.Kg3 Qe3+
37.Kg2 Rxh2+  1/2-1/2

[Event "12th Brasschaat Open"]
[Site "Brasschaat BEL"]
[Date "2012.08.26"]
[Round "9.2"]
[White "Dgebuadze,A"]
[Black "Mainka,R"]
[Result "1/2-1/2"]
[WhiteElo "2556"]
[BlackElo "2467"]

1.e4 c5 2.Nf3 e6 3.d4 cxd4 4.Nxd4 a6 5.Nc3 Qc7 6.g3 Bb4 7.Bd2 Nf6 8.Bg2 Nc6
9.Nxc6 dxc6 10.O-O Be7 11.Qe1 e5 12.Na4 Rb8 13.b3 O-O 14.Kh1 Nd7 15.Rd1 b6
16.f4 Re8 17.Nb2 b5 18.Nd3 f6 19.Ba5 Qb7 20.Bc3 b4 21.Bb2 Qc7 22.Qe2 Bd6
23.Qh5 Bb7 24.fxe5 Nxe5 25.Bxe5 Bxe5 26.Nc5 Re7 27.Rd3 Rf8 28.Bh3 Bc8 29.Bf5 g6
30.Qg4 Kh8 31.Bxc8 Qxc8 32.Nd7 f5 33.Qd1 Rfe8 34.exf5 gxf5 35.Nxe5 Rxe5 36.Qf3 c5
37.Rd5 Qc6 38.Rxe5 Qxf3+ 39.Rxf3 Rxe5 40.Kg2 Kg7 41.Kf2 Kf6 42.Rf4 h5 43.a3 a5
44.a4 Re8 45.Rh4 Rd8 46.Ke2 Kg5 47.Rc4 Rd5 48.Kf3 Re5 49.Kf2 Rd5 50.Ke2 Re5+
51.Kd2 Rd5+ 52.Ke2 Re5+ 53.Kf2 Rd5  1/2-1/2

[Event "37th Trade Fair Open A"]
[Site "Brno CZE"]
[Date "2012.08.26"]
[Round "1"]
[White "Licka,V"]
[Black "Vyskocil,N"]
[Result "1/2-1/2"]
[WhiteElo "1972"]
[BlackElo "2368"]

1.e4 c5 2.Nf3 e6 3.d4 cxd4 4.Nxd4 a6 5.Nc3 b5 6.a3 Bb7 7.Bd3 d6 8.O-O Nf6
9.Qe2 Nbd7 10.f4 Nc5 11.Kh1 Be7 12.Bd2 O-O 13.b4 Nxd3 14.cxd3 Nd7 15.Rac1 Rc8
16.Nb3 Nb6 17.Na5 Ba8 18.Qf2 Rb8 19.Ne2 Qd7 20.Be3 Na4 21.Rc2 Rbc8 22.Rfc1 Rxc2
23.Rxc2 Bd8 24.Nb3 f5 25.exf5 Rxf5 26.Ng3 Bh4 27.Nd4 Rd5 28.Qd2 Bxg3 29.hxg3 h6
30.Qc1  1/2-1/2

[Event "e2e4 Hinckley Open 2012"]
[Site "Hinckley ENG"]
[Date "2012.08.26"]
[Round "4.21"]
[White "Collins,Andrew"]
[Black "Bennett,Dominic L"]
[Result "0-1"]
[WhiteElo "1716"]
[BlackElo "2037"]

1.e4 c5 2.Nf3 e6 3.d4 cxd4 4.Nxd4 a6 5.Nc3 b5 6.Bd3 Bb7 7.O-O Qb6 8.Nb3 Qc7
9.Be3 Nf6 10.a3 Be7 11.Bg5 O-O 12.f4 d6 13.Rf3 Rd8 14.Rh3 Nbd7 15.e5 dxe5
16.Bxh7+ Kf8 17.Be4 Nc5 18.Rh8+ Ng8 19.Qe1 Nxe4 20.Bxe7+ Kxe7 21.Nxe4 Bxe4
22.Qxe4 exf4 23.Qb4+ Qd6 24.Qxd6+ Rxd6 25.Rh4 g5 26.Rh5 Rd5 27.Kf2 Nf6 28.Rh3 Ne4+
29.Kf1 Nd2+ 30.Ke2 Nxb3 31.cxb3 Rad8 32.Rc1 Rd2+ 33.Ke1 Rxg2 34.Rc6 Rdd2
35.Rxa6 Rxb2 36.Ra7+ Kf6 37.Kf1 Rgc2 38.Rh6+  0-1

[Event "24th Schlosspark Open"]
[Site "Wiesbaden GER"]
[Date "2012.08.26"]
[Round "6.31"]
[White "Nagel,Erwin"]
[Black "Stiefel,R"]
[Result "0-1"]
[WhiteElo "1957"]
[BlackElo "2059"]

1.e4 c5 2.Nc3 a6 3.Nf3 e6 4.d4 cxd4 5.Nxd4 Qc7 6.Bd3 Nf6 7.O-O b5 8.a3 Bc5
9.Nb3 Bb6 10.Bg5 d6 11.Bxf6 gxf6 12.Qf3 Nd7 13.Rad1 Bb7 14.Bxb5 axb5 15.Nxb5 Qc6
16.Nxd6+ Ke7 17.Nxb7 Qxb7 18.Qd3 Qc6 19.Nd4 Bxd4 20.Qxd4 Rhg8 21.Qb4+ Nc5
22.g3 Rab8 23.Qc3 Rgc8 24.Rd4 Nd7 25.Qd2 Ne5 26.f4 Nc4 27.Qd3 Nxb2 28.Qd2 Qc5
29.Kh1 Rd8 30.Rxd8 Rxd8 31.Qe2 Qc4 32.Qxc4 Nxc4 33.Rf3 Rd1+  0-1

[Event "40th Olympiad Open"]
[Site "Istanbul TUR"]
[Date "2012.08.28"]
[Round "1.49"]
[White "Tsang,H"]
[Black "Stefansson,H"]
[Result "0-1"]
[WhiteElo "2084"]
[BlackElo "2515"]

1.e4 c5 2.Nf3 e6 3.d4 cxd4 4.Nxd4 a6 5.Nc3 b5 6.Bd3 d6 7.O-O Nf6 8.Re1 Bb7
9.a4 b4 10.Nd5 Nxd5 11.exd5 Bxd5 12.Qh5 e5 13.Bd2 Be7 14.Bxb4 g6 15.Qg4 Nd7
16.c4 Bb7 17.Nc2 O-O 18.Ne3 Nf6 19.Qg3 Nh5 20.Qg4 Nf4 21.Bc2 Rb8 22.Ba3 Kh8
23.Qd1 f5 24.b3 Qc7 25.Qd2 Ne6 26.Bb2 Bg5 27.Rad1 Rbd8 28.Qb4 Bxe3 29.Rxe3 Kg8
30.Bd3 f4 31.Ree1 Rb8 32.Qd2 Bc6 33.Bc2 Rfd8 34.b4 f3 35.b5 fxg2 36.Bc3 Bf3
37.Ba5 Qxc4 38.Qd3 Qg4 39.Bxd8 Rxd8 40.Bb3 d5 41.Rxe5 Nf4  0-1

[Event "19th Graz Open 2012"]
[Site "Graz AUT"]
[Date "2012.08.29"]
[Round "5.14"]
[White "Goessler,Markus"]
[Black "Scheffknecht,P"]
[Result "0-1"]
[WhiteElo "2136"]
[BlackElo "2065"]

1.e4 c5 2.Nf3 e6 3.d4 cxd4 4.Nxd4 a6 5.Nc3 Qc7 6.Bd3 Nf6 7.f4 d6 8.Qf3 Nbd7
9.g4 h6 10.h3 b5 11.Be3 Bb7 12.a3 Rc8 13.O-O-O Be7 14.g5 hxg5 15.fxg5 Ne5
16.Qg2 Nfd7 17.g6 Nc5 18.gxf7+ Kxf7 19.Rhg1 Rh7 20.Bf4 Kg8 21.Nf3 Nexd3+
22.cxd3 Na4 23.Bd2 Bf6 24.Kb1 Nxb2 25.Rc1 Nxd3 26.Nd5 Qf7 27.Nxf6+ Qxf6 28.Bg5 Qf8
29.Rxc8 Qxc8 30.Bf6 Bxe4 31.Ka2 Qc4+ 32.Ka1 e5 33.Rf1 Qc3+ 34.Ka2 Nc1+ 35.Rxc1 Qxc1
36.Qg4 Qb1+  0-1

[Event "BDO Challengers 2012"]
[Site "Haarlem NED"]
[Date "2012.08.29"]
[Round "5.1"]
[White "Schoorl,R"]
[Black "Ilic,Zo1"]
[Result "1/2-1/2"]
[WhiteElo "2341"]
[BlackElo "2344"]

1.e4 c5 2.Nf3 e6 3.d4 cxd4 4.Nxd4 a6 5.Nc3 Qc7 6.Bd3 Nf6 7.f4 d6 8.Qf3 Nbd7
9.g4 Nc5 10.g5 Nfd7 11.Be2 Nb8 12.O-O Nc6 13.Nxc6 bxc6 14.Be3 Nd7 15.f5 Ne5
16.Qf2 g6 17.f6 Rb8 18.b3 h6 19.Qh4 h5 20.Na4 c5 21.c4 Bb7 22.Rad1 Rd8 23.Nc3 Qa5
24.Rc1 Rd7 25.Rfd1 Rd8 26.Qf2 Qc7 27.Bf4 Bc6 28.h4 Rd7 29.Qg3 Bb7 30.Bxe5 dxe5
31.Rxd7 Kxd7 32.Rd1+ Bd6 33.Qe3 Kc8 34.Na4 Rd8 35.Kf2 Qc6 36.Bf3 Bf8 37.Rxd8+ Kxd8
38.Qd2+ Kc8 39.Nb2 Kc7 40.Nd3 Qd6 41.Qc3 Kc8 42.Nc1 Qc7 43.Qd2 Bc6 44.Ne2 Qb7
45.Ng3 Qc7 46.Ke3 Qb7 47.Qc3 Bd6 48.Qd3 Qd7 49.Bxh5 gxh5 50.Nxh5 Kc7 51.Ng3 Qe8
52.Kf3 Qg8 53.Qf1 Qh7 54.Qh3 Qg8 55.Qg4 a5 56.h5 Be8 57.a4 Kb6 58.Nf1 Kc7
59.Ne3 Kb6 60.Ng2 Bc7 61.Nh4 Bd8 62.Kg3 Kc6 63.Nf3 Bc7 64.Kh4 Qh7 65.Kg3 Qg8
66.Nh4 Bd8 67.Kf3 Kd6 68.Kg3  1/2-1/2

[Event "40th Olympiad Open"]
[Site "Istanbul TUR"]
[Date "2012.08.29"]
[Round "2.30"]
[White "Karttunen,M"]
[Black "Miezis,N"]
[Result "0-1"]
[WhiteElo "2448"]
[BlackElo "2580"]

1.e4 c5 2.Nf3 e6 3.d4 cxd4 4.Nxd4 a6 5.Nc3 Qc7 6.Qf3 Nc6 7.Nxc6 dxc6 8.Be2 Nf6
9.g4 Bd6 10.g5 Nd7 11.Qe3 e5 12.h4 Nc5 13.Bd2 b5 14.h5 Ne6 15.Qg3 Nf4 16.Bf3 Be6
17.Nd1 O-O-O 18.a4 b4 19.Ne3 Kb7 20.Bg4 Be7 21.Bxe6 fxe6 22.Nc4 Rd4 23.Qb3 Rxe4+
24.Kf1 Nd5 25.c3 Rb8 26.f3 Rf8 27.cxb4 Rd4 28.b5 cxb5 29.Na5+ Ka8 30.axb5 Rxd2
31.Nc6 Bc5 32.Rxa6+ Kb7 33.Na5+ Kb8 34.Nc6+ Kc8 35.Rh4 Rf2+ 36.Ke1 R2xf3
37.Qc4 Rf1+ 38.Ke2 R8f2+ 39.Kd3 Rd1+ 40.Ke4 Re1+ 41.Kd3 Re3+  0-1

[Event "40th Olympiad Open"]
[Site "Istanbul TUR"]
[Date "2012.08.29"]
[Round "2.36"]
[White "Isaev,J"]
[Black "Nikolov,Mo"]
[Result "0-1"]
[WhiteElo "2357"]
[BlackElo "2563"]

1.e4 c5 2.Nf3 e6 3.d4 cxd4 4.Nxd4 a6 5.Nc3 Qc7 6.Bd3 Nf6 7.Qe2 d6 8.f4 Nbd7
9.g4 Nc5 10.g5 Nfd7 11.Bd2 g6 12.f5 Ne5 13.O-O Qb6 14.Be3 Qxb2 15.Ncb5 axb5
16.Nxb5 Ncxd3 17.Nc7+ Kd8 18.Nxa8 Nc5 19.Bxc5 dxc5 20.Rfd1+ Nd7 21.Rab1 Qe5
22.Nb6 gxf5 23.Rd2 Rg8 24.Nxd7 Bxd7 25.Rbd1 Rxg5+ 26.Kh1 Ke8 27.Rxd7 Be7
28.Rxb7 Bd6 29.Rf1 Rg4 30.Rg1 h5 31.a4 Kf8 32.Rxg4 hxg4 33.Rb1 f4 34.Re1 f3
35.Qf2 c4 36.Qh4 Qf4 37.Qh8+ Ke7 38.Qh4+ Ke8 39.Qf2 Qe5 40.Qh4 Qf4 41.Qf2 Bc5
42.Qg3 Qd2 43.Rb1 Bd6 44.Qg1 Qh6 45.Rf1 Qh5  0-1

[Event "World Youth U16 Olympiad 2012"]
[Site "Istanbul TUR"]
[Date "2012.08.30"]
[Round "2.19"]
[White "Atabayew,S"]
[Black "Haring,V"]
[Result "1-0"]
[WhiteElo "2106"]
[BlackElo "2049"]

1.e4 c5 2.Nf3 e6 3.d4 cxd4 4.Nxd4 a6 5.Nc3 b5 6.a3 Bb7 7.Be2 Qc7 8.O-O Nf6
9.Bf3 d6 10.Bg5 Nbd7 11.Re1 Be7 12.a4 bxa4 13.Rxa4 O-O 14.Nb3 Ne5 15.Na5 Bc8
16.Be2 Bd7 17.Ra2 Rfd8 18.Be3 Nc6 19.Nc4 Rab8 20.Rxa6 Bc8 21.Bb6 Rxb6 22.Rxb6 d5
23.Nb5 Qd7 24.e5 Ne4 25.Ncd6 Bxd6 26.exd6 Nc5 27.c4 Ne5 28.cxd5 Bb7 29.Qd4  1-0

[Event "40th Olympiad Open"]
[Site "Istanbul TUR"]
[Date "2012.08.30"]
[Round "3.51"]
[White "Jayasundara,P"]
[Black "Salov,S"]
[Result "1/2-1/2"]
[WhiteElo "2027"]
[BlackElo "2234"]

1.e4 c5 2.Nf3 e6 3.d4 cxd4 4.Nxd4 a6 5.Nc3 Qc7 6.Be2 Nf6 7.O-O Nc6 8.a3 Nxd4
9.Qxd4 Bd6 10.h3 Be5 11.Qe3 b5 12.Bd2 Bb7 13.Bd3 Bd6 14.Rad1 O-O 15.Kh1 Qc5
16.f4 Qxe3 17.Bxe3 Be7 18.e5 Nd5 19.Nxd5 Bxd5 20.Be2 Rac8 21.c3 f6 22.exf6 Bxf6
23.Bd4 Rc7 24.Kh2 g6 25.Bf3 Bxf3 26.Rxf3 Bxd4 27.Rxd4 d5 28.Kg3 Kf7 29.Kf2 Rfc8
30.Rfd3 Rc4  1/2-1/2

[Event "40th Olympiad Open"]
[Site "Istanbul TUR"]
[Date "2012.08.30"]
[Round "3.53"]
[White "Njili,K"]
[Black "Mesfin,Leykun"]
[Result "1-0"]
[WhiteElo "2357"]
[BlackElo "2115"]

1.e4 c5 2.Nf3 e6 3.d4 cxd4 4.Nxd4 a6 5.Nc3 Qc7 6.g3 Nc6 7.Bg2 Nf6 8.Nb3 Be7
9.O-O d6 10.a4 O-O 11.f4 Nb4 12.g4 d5 13.e5 Nd7 14.Kh1 b6 15.Nd4 Bc5 16.Be3 Bb7
17.Nce2 Bxd4 18.Nxd4 Nc5 19.c3 Nc6 20.Nxc6 Qxc6 21.Bd4 Ne4 22.Rf3 f5 23.exf6 Nxf6
24.Rh3 Ne4 25.g5 g6 26.Qg4 Rf7 27.Qh4 Raf8 28.Rf1 Qc7 29.Be5 Qd7 30.Qh6 Rf5
31.Rh4 Nxg5 32.Kg1 Ne4 33.Bh3 d4 34.Bxf5 exf5 35.Rd1 Ba8 36.Rxd4 Qb7 37.Rd5 Qe7
38.Rd3 Nf6 39.Qg5 Qc5+ 40.Rd4 Qc6 41.Bxf6 Rxf6 42.Rd8+ Kf7 43.Rxh7+ Ke6 44.Rdd7 Qh1+
45.Kf2 Qf3+ 46.Ke1 Qe3+ 47.Kd1 Bf3+ 48.Kc2 Be4+ 49.Kb3 Qc5 50.Rhe7+ Qxe7
51.Rxe7+ Kxe7 52.Qh4 Ke6 53.Qh8 Kf7 54.Qh7+ Kf8 55.Qc7 Rf7 56.Qc8+ Kg7 57.Qxa6 g5
58.Qf1 gxf4 59.Qxf4 Kf6 60.Kc4 Rd7 61.Kb5 Rd3 62.h4 Ke6 63.h5 Rf3 64.Qh2 f4
65.h6 Bh7 66.Qe2+ Re3 67.Qg4+ Ke5 68.Qg7+ Ke6 69.Qxh7 f3 70.Qg6+ Kd5 71.Qf7+ Ke4  1-0

[Event "40th Olympiad Open"]
[Site "Istanbul TUR"]
[Date "2012.08.30"]
[Round "3.54"]
[White "Al Hadarani,H"]
[Black "Berrios Echevarria,G"]
[Result "1/2-1/2"]
[WhiteElo "2263"]
[BlackElo "2221"]

1.Nc3 c5 2.e4 e6 3.Nf3 a6 4.d4 cxd4 5.Nxd4 Qc7 6.Bd3 Nf6 7.Qe2 d6 8.Bg5 Be7
9.f4 h6 10.Bh4 Nxe4 11.Bxe7 Nxc3 12.Qg4 g6 13.Bf6 e5 14.Qg3 Rg8 15.fxe5 Nd5
16.O-O Nxf6 17.exf6 Qc5 18.Rae1+ Kd8 19.Qe3 Kc7 20.b4 Qa7 21.c4 Bd7 22.c5 dxc5
23.Rc1 Nc6 24.Nxc6 bxc6 25.Rxc5 Rge8 26.Qd4 g5 27.Rd1 Red8 28.Qe5+ Kb6 29.Qe3 Kc7
30.Qe7 Kb6 31.a4 Qc7 32.Qxf7 Bg4 33.Qxc7+ Kxc7 34.Rd2 Rd6 35.f7 Rf8 36.Rcc2 Rxd3
37.Rxd3 Bf5 38.Rdc3 Bxc2 39.Rxc2 Rxf7 40.b5 axb5 41.axb5 Rf6 42.h4 gxh4 43.Kh2 Kb6
44.bxc6 Rxc6 45.Rb2+ Kc7 46.Kh3 Kd7 47.Kxh4 Ke6 48.Rb7 Kf5 49.Kh5 Kf4 50.Rg7 Rc3
51.Kh4 Kf5 52.Kh5 Kf4 53.Rg4+ Kf5 54.g3 Rc6 55.Rf4+ Ke5 56.Rf8 Ke4 57.Rf7 Rb6
58.Rf4+ Ke5 59.Ra4 Kf5 60.Ra1 Ke4 61.Rf1 Ke5 62.Rf8 Ke4 63.Rf4+ Ke5 64.Rg4 Kf5
65.Rg8 Ke5 66.Kg4 Kf6 67.Kh5 Ke5 68.Rf8 Ra6 69.Rh8 Ke4 70.Re8+ Kf3 71.Kh4 Ra4+
72.Kh3 Ra6 73.Re5 Rg6 74.Rf5+ Ke4 75.Ra5 Kf3 76.Ra3+ Ke4 77.Kh4 Rb6 78.Kh5 Ke5
79.Ra8 Kf5 80.Rf8+ Ke5 81.g4 Ra6 82.Rb8 Kf4 83.Kh4 Ke5 84.Rf8 Ke4 85.Kh5 Rb6
86.Rf5 Ra6 87.Rb5 Rc6 88.Rb1 Kf4  1/2-1/2

[Event "5th Sabadell Open A"]
[Site "Sabadell ESP"]
[Date "2012.08.30"]
[Round "1.6"]
[White "Campos Cayuelas,M"]
[Black "Alarcon Casellas,Rol"]
[Result "0-1"]
[WhiteElo "2119"]
[BlackElo "2471"]

1.e4 c5 2.Nc3 e6 3.Nf3 a6 4.d4 cxd4 5.Nxd4 Qc7 6.g3 Nf6 7.Bg2 d6 8.O-O Be7
9.Re1 O-O 10.Bg5 Nbd7 11.Qd2 Rb8 12.a4 b6 13.Rad1 Bb7 14.f4 h6 15.Bh4 Rfe8
16.f5 e5 17.Bxf6 Nxf6 18.Nb3 Bc6 19.Qe2 b5 20.axb5 axb5 21.Nd5 Bxd5 22.exd5 Rec8
23.Rd2 Bd8 24.Ra1 Qc4 25.h3 Ra8 26.Rxa8 Rxa8 27.Bf1 Ne4 28.Qg4 h5 29.Qxh5 Qxf1+  0-1

[Event "40th Olympiad Open"]
[Site "Istanbul TUR"]
[Date "2012.08.31"]
[Round "4.64"]
[White "Wagener,Cl"]
[Black "Huguet,S"]
[Result "0-1"]
[WhiteElo "2261"]
[BlackElo "2094"]

1.e4 c5 2.Nf3 e6 3.Nc3 a6 4.d4 cxd4 5.Nxd4 Qb6 6.Nb3 Qc7 7.Bd3 Nf6 8.O-O b5
9.Qe2 d6 10.Bd2 Bb7 11.a4 b4 12.Na2 a5 13.c3 d5 14.cxb4 axb4 15.Rfc1 Nc6
16.Bb5 Nxe4 17.Rxc6 Bxc6 18.Rc1 Bxb5 19.axb5 Qa7 20.Nxb4 Nxd2 21.Qxd2 Qa4
22.Na6 Bd6 23.Nd4 O-O 24.b3 Qa3 25.Qc3 Be5 26.Ra1 Rac8 27.Rxa3 Rxc3 28.Ne2 Rc2
29.Kf1 Rb2 30.g3 Bd6 31.Ra4 Rxb3 32.Nd4 Rb2 33.h4 g6 34.Ra5 e5 35.Nc6 d4
36.Na7 Ra8 37.Nc6 Kg7 38.g4 d3 39.g5 Rb1+  0-1

[Event "FSFMB Sept 2012"]
[Site "Budapest HUN"]
[Date "2012.09.01"]
[Round "1.2"]
[White "Mihajlova,D"]
[Black "Korondi,Marton"]
[Result "0-1"]
[WhiteElo "1456"]
[BlackElo "1549"]

1.e4 c5 2.Nf3 e6 3.d4 cxd4 4.Nxd4 a6 5.Nc3 Qc7 6.Be3 Nc6 7.Nb3 Nf6 8.Be2 Bd6
9.Qd2 h5 10.h3 b6 11.f4 Bb4 12.Bf3 Bb7 13.a3 Be7 14.O-O-O Rd8 15.Na4 Na5
16.Nxa5 bxa5 17.Bb6 Qc4 18.Bxd8 Bxd8 19.Nc3 Bc6 20.g4 Bb6 21.g5 Ng8 22.Rhe1 Ne7
23.Be2 Qc5 24.Bxa6 O-O 25.Qd3 d5 26.f5 dxe4 27.Nxe4 Bxe4 28.Qxe4 Nxf5 29.Bd3 g6
30.Qf3 Nd4 31.Qg2 Rb8 32.Rf1 Nf5 33.Rde1 Ne3 34.Qg3 Rc8 35.Rf2 Nf5 36.Rxf5 exf5
37.Re5 Qc7 38.Qe1 Rf8 39.Bb5 Qd8 40.Bc6 Qxg5+ 41.Kb1 Qd8 42.Bd5 Bd4 43.Bxf7+ Kxf7
44.Rxa5 Re8 45.Qb4 Qb6 46.Qc4+ Kf8 47.Rb5 Qf6 48.Qb4+ Kg8 49.Rd5 Be5 50.Qb5 Re7
51.a4 f4 52.Qc4 Kh7 53.Rc5 f3 54.Rc8 Qf7 55.Qf1 f2 56.Rc4 Bg7 57.Ka2 Re1
58.Qxf2 Qxf2 59.a5 Qf6 60.c3 Qe6 61.b3 Re2+ 62.Ka3 Bf8+ 63.Ka4 Qd7+  0-1

[Event "40th Olympiad Open"]
[Site "Istanbul TUR"]
[Date "2012.09.01"]
[Round "5.25"]
[White "Chumfwa,S"]
[Black "Ly,Mo"]
[Result "0-1"]
[WhiteElo "2347"]
[BlackElo "2397"]

1.e4 c5 2.Nf3 e6 3.d4 cxd4 4.Nxd4 a6 5.Nc3 Qc7 6.g3 Bb4 7.Bd2 Nf6 8.Bg2 Nc6
9.Nxc6 dxc6 10.O-O Be7 11.a4 a5 12.Qe2 b6 13.e5 Nd5 14.Rfe1 O-O 15.h4 Bb4
16.h5 h6 17.Qg4 Kh8 18.Rad1 Bd7 19.Nb1 f5 20.Qe2 Bc5 21.c4 f4 22.g4 f3 23.Bxf3 Nf4
24.Bxf4 Rxf4 25.Rd3 Raf8 26.Red1 Be8 27.Kg2 Qe7 28.Nc3 Qg5 29.Ne4 Qxe5 30.Nxc5 Qxc5
31.Qxe6 Qg5 32.Re3 Bxh5 33.Re5 Bxg4 34.Rxg5 Bxe6 35.Rg3 Bxc4 36.Rd6 Bb3 37.Bxc6 Rxf2+
38.Kh3 Rxb2 39.Bb5 Bc2 40.Re3 Rb4 41.Ra3 Bf5+ 42.Kg3 Rg4+ 43.Kf3 Bd7+ 44.Ke3  0-1

[Event "14th Trieste Open A"]
[Site "Trieste ITA"]
[Date "2012.09.01"]
[Round "1"]
[White "Ashiku,F"]
[Black "David,Alb"]
[Result "1-0"]
[WhiteElo "2159"]
[BlackElo "2599"]

1.e4 c5 2.Nf3 e6 3.d4 cxd4 4.Nxd4 a6 5.Nc3 Qc7 6.a3 Nf6 7.f4 d6 8.Be3 Nbd7
9.Qf3 b5 10.g4 d5 11.e5 Ne4 12.Nxe4 dxe4 13.Qe2 Bb7 14.Bg2 Nb6 15.O-O Bc5
16.b4 Be7 17.Bf2 Na4 18.c4 Qxc4 19.Rac1 Qxe2 20.Nxe2 Nb2 21.Rc7 Bd5 22.Nc3 Nc4
23.Bxe4 Kd8 24.Rxe7 Kxe7 25.Bc5+ Kd7 26.Nxd5 exd5 27.Bxd5 f6 28.e6+ Kc7 29.e7 Nxa3
30.Bxa8 Rxa8 31.Ra1 Nc4 32.Rxa6 Re8 33.Kf2 Kd7 34.Ra7+ Ke6 35.Kf3 Nd2+ 36.Ke3 Nb3
37.Bd4 Rxe7 38.Rxe7+ Kxe7 39.Bb2 Ke6 40.Kd3 h5 41.gxh5 Kf5 42.Kc3 Kxf4 43.Kxb3 Kg5
44.Kc3  1-0

[Event "11th Kesarovski-Stanchev Mem"]
[Site "Sunny Beach BUL"]
[Date "2012.09.02"]
[Round "2.45"]
[White "Daskalov,D"]
[Black "Lao,L"]
[Result "1/2-1/2"]
[WhiteElo "2103"]
[BlackElo "1813"]

1.e4 c5 2.Nf3 e6 3.d4 cxd4 4.Nxd4 a6 5.Nc3 d6 6.a4 b6 7.Bc4 Nf6 8.Ba2 Be7
9.O-O O-O 10.Nde2 Bb7 11.Ng3 Nbd7 12.Bd2 Rc8 13.Qe2 Nc5 14.b4 Ncd7 15.Rad1 Re8
16.f4 d5 17.e5 Bxb4 18.exf6 Bxc3 19.Bxc3 Rxc3 20.fxg7 Qc7 21.Bb3 Nc5 22.Nh5 Qe7
23.Qe5 Ne4 24.Rfe1 Qc5+ 25.Qd4 Qxd4+ 26.Rxd4 Rec8 27.f5 exf5 28.Bxd5 Bxd5
29.Rxd5 Rxc2 30.Rxf5 Rc1 31.Kf1 Rxe1+ 32.Kxe1 h6 33.Nf6+ Nxf6 34.Rxf6 Rc1+
35.Kf2 Ra1 36.Rxh6 Kxg7 37.Rxb6 Rxa4 38.Kg3 Ra2 39.h4 Ra5 40.Kh3 Ra2 41.h5 a5
42.Ra6 a4 43.g4 Ra1 44.Kg2 a3 45.g5 a2 46.Kh2 Kh7 47.Ra7 Kg7 48.Kg2 Rd1 49.Rxa2 Rd5
50.Kg3 Rxg5+ 51.Kh4 Rb5 52.Ra4 Rc5 53.Kg4 Rb5 54.Ra6 Rc5 55.h6+ Kh7 56.Rf6 Ra5  1/2-1/2

[Event "14th Trieste Open A"]
[Site "Trieste ITA"]
[Date "2012.09.02"]
[Round "3"]
[White "Santeramo,Alessia"]
[Black "Erwich,Frans"]
[Result "0-1"]
[WhiteElo "1866"]
[BlackElo "2005"]

1.e4 c5 2.Nf3 e6 3.Nc3 a6 4.d4 cxd4 5.Nxd4 d6 6.Bc4 Nf6 7.Bb3 Nbd7 8.Be3 Nc5
9.f3 Be7 10.Qd2 Qc7 11.g4 b5 12.h4 Bb7 13.h5 h6 14.O-O-O O-O-O 15.Kb1 Kb8
16.Rhe1 Qa5 17.Qh2 Ka8 18.Bd2 Qc7 19.a4 Nxb3 20.Nxb3 b4 21.Na2 a5 22.Be3 Bc6
23.Qe2 Kb7 24.Qf2 Bxa4 25.Nac1 Rc8 26.Nd3 e5 27.Rc1 Bb5 28.Qd2 Ra8 29.Nxb4 axb4
30.Qxb4 Qc4 31.Na5+ Rxa5 32.Qxa5 Ra8 33.Qb6+ Kc8 34.Rcd1 Nd7 35.Qa7 Rxa7
36.Bxa7 Qc6 37.Re3 Kd8 38.Rc3 Qa6 39.Be3 Nb6 40.Bxb6+ Qxb6 41.Rb3 Qc6  0-1

[Event "40th Olympiad Open"]
[Site "Istanbul TUR"]
[Date "2012.09.03"]
[Round "6.37"]
[White "Rodriguez Vila,A"]
[Black "Gwaze,R"]
[Result "1/2-1/2"]
[WhiteElo "2536"]
[BlackElo "2454"]

1.e4 c5 2.Nf3 e6 3.d4 cxd4 4.Nxd4 a6 5.Nc3 b5 6.g3 b4 7.Na4 Bb7 8.Bg2 Nf6
9.O-O Bxe4 10.Bxe4 Nxe4 11.Re1 d5 12.Nxe6 fxe6 13.Qh5+ g6 14.Qe5 Qf6 15.Rxe4 Qxe5
16.Rxe5 Kf7 17.Re3 Nd7 18.Rf3+ Kg7 19.a3 a5 20.b3 bxa3 21.Rc3 Bd6 22.Rc6 Be5
23.Ra2 Rhc8 24.Rxe6 Kf7 25.Rxe5 Nxe5 26.Nb6 Nf3+ 27.Kf1 Nd4 28.Nxa8 Rxc2
29.Rxc2 Nxc2 30.Bxa3 Nxa3 31.Nc7 Nc2 32.Nb5 Ke6 33.Ke2 Ke5 34.Kd2 Nd4 35.f4+ Ke4
36.Nc3+ Kf3 37.Nxd5 Nxb3+ 38.Kc3 Nc5 39.Kd4 Ne4 40.g4 a4 41.f5 gxf5 42.gxf5 a3
43.Nb4 Kf4 44.Kc4 h5 45.Kb3 h4 46.Nd5+ Kxf5 47.Ne3+ Ke5 48.h3 Ng5 49.Ng2 Nxh3
50.Nxh4  1/2-1/2

[Event "40th Olympiad Open"]
[Site "Istanbul TUR"]
[Date "2012.09.03"]
[Round "6.45"]
[White "Vazquez Reyes,R"]
[Black "Serban,V"]
[Result "1-0"]
[WhiteElo "2251"]
[BlackElo "2280"]

1.e4 c5 2.Nf3 e6 3.d4 cxd4 4.Nxd4 a6 5.Nc3 Qc7 6.g3 Nf6 7.Bg2 Be7 8.O-O O-O
9.f4 d6 10.a4 Nc6 11.Be3 Nxd4 12.Bxd4 e5 13.Be3 b6 14.f5 Bb7 15.Kh1 Qc4 16.Qd3 Rac8
17.Bxb6 Qb4 18.Bg1 Rc7 19.Ra3 Ba8 20.Rb3 Qc4 21.h3 Nd7 22.Rd1 Rfc8 23.Bf1 Qxd3
24.Bxd3 Nf6 25.Kh2 d5 26.exd5 Nxd5 27.Bxa6 Nxc3 28.bxc3 Rxc3 29.Bxc8 Rxc2+
30.Bf2 Rxf2+ 31.Kg1 Rc2 32.Bb7 Bxb7 33.Rxb7 Bc5+ 34.Kh1 h5 35.Rd8+ Kh7 36.Rxf7 e4
37.Rdd7 Rc1+ 38.Kg2 Rc2+ 39.Kh1 Rc1+ 40.Kg2 Rc2+ 41.Kf1 e3 42.Rxg7+ Kh8 43.Rge7 Rf2+
44.Ke1 Bxe7 45.Rxe7 Rxf5 46.Rxe3 Kg7 47.Ra3 Ra5 48.Kd2 Kf6 49.Kc3 Ke6 50.Kb4 Ra8
51.a5 Kd6 52.a6 Kc7 53.a7 Kb6 54.Ra2 Kc6 55.Ra6+ Kd5 56.Kb5 Ke4 57.Kb6 Kf3
58.Ra3+ Kg2 59.h4 Rg8 60.a8=Q+ Rxa8 61.Rxa8 Kxg3 62.Ra4  1-0

[Event "11th Istanbul Open A"]
[Site "Istanbul TUR"]
[Date "2012.09.04"]
[Round "5"]
[White "Atakisi,U"]
[Black "Firman,N"]
[Result "1/2-1/2"]
[WhiteElo "2321"]
[BlackElo "2535"]

1.e4 c5 2.Nf3 e6 3.d4 cxd4 4.Nxd4 a6 5.Nc3 b5 6.Bd3 Qb6 7.Nf3 Qc7 8.e5 Bb7
9.O-O Nc6 10.Re1 b4 11.Ne4 Nxe5 12.Bf4 d6 13.Nxd6+ Bxd6 14.Bxe5 Nf6 15.a3 Bxe5
16.Nxe5 bxa3 17.Rxa3 O-O 18.Qe2 Rfd8 19.Ra4 Rd5 20.Rh4 Rad8 21.Ng4 Qe7 22.Qe3 Nh5
23.g3 Qc5 24.Qxc5 Rxc5 25.b4 Rcd5 26.Ne3 Rxd3 27.cxd3 g6 28.Rc4 Rxd3 29.Rc7 Bf3
30.Ra7  1/2-1/2